History of economic thought (Record no. 21257)
[ view plain ]
| 000 -LEADER | |
|---|---|
| fixed length control field | 00474nam a2200181Ia 4500 |
| 008 - FIXED-LENGTH DATA ELEMENTS--GENERAL INFORMATION | |
| fixed length control field | 230917s9999||||xx |||||||||||||| ||und|| |
| 020 ## - ISBN | |
| Price | RS300 |
| 040 ## - CATALOGING SOURCE | |
| -- | 237743 |
| Original cataloging agency | VIVEKANANDA LIBRARY |
| 041 ## - Language | |
| -- | English |
| 082 ## - DDC NUMBER | |
| Classification number | 330.9 J559H(3) |
| 100 ## - MAIN ENTRY--PERSONAL NAME | |
| Personal name | Jhingan, M L |
| 245 #0 - TITLE STATEMENT | |
| Title | History of economic thought |
| 250 ## - EDITION STATEMENT | |
| Edition statement | 3rd ed. |
| 260 ## - PUBLICATION, DISTRIBUTION, ETC. (IMPRINT) | |
| Place of publication, distribution, etc | New Delhi |
| Name of publisher, distributor, etc | Vrinda Publications |
| Date of publication, distribution, etc | 2015 |
| 300 ## - PHYSICAL DESCRIPTION | |
| Pages | xi, 421 p. |
| 500 ## - GENERAL NOTE | |
| General note | 2600 06/02/2017 KB17/387 20/02/2017 Main Budget |
| 942 ## - ADDED ENTRY ELEMENTS (KOHA) | |
| Koha item type | Books |
| Withdrawn status | Lost status | Damaged status | Not for loan | Location (home branch) | Sublocation or collection (holding branch) | Date acquired | Koha issues (times borrowed) | Koha full call number | Accession No. | Koha date last seen | Koha item type |
|---|---|---|---|---|---|---|---|---|---|---|---|
| VIVEKANANDA LIBRARY | VIVEKANANDA LIBRARY | 11/04/2017 | 17 | 330.9 J559H(3) | 361136 | 21/04/2026 | Books | ||||
| VIVEKANANDA LIBRARY | VIVEKANANDA LIBRARY | 11/04/2017 | 10 | 330.9 J559H(3) | 361137 | 24/03/2026 | Books |
